| 000 | 00799nam a22002177a 4500 | ||
|---|---|---|---|
| 005 | 20100723160414.0 | ||
| 010 | _aENG-96662 | ||
| 020 |
_a9788170545026 _c200.00 |
||
| 035 | _aEN-80195 | ||
| 037 | _bDBAD/PUB | ||
| 082 | _a368.400954 | ||
| 100 |
_aSrivastava, Ajay _91070 |
||
| 245 |
_aSocial security system in India / _cby Ajay Srivastava [and] P.P. Mitra |
||
| 260 |
_aNew Delhi _bClassical Publishing Co. _c2009 |
||
| 270 |
_a28, Shopping Center, Karam Pura, _bNew Delhi _e110027 |
||
| 300 |
_a96 p. _c24cm (Hb) |
||
| 500 | _aIncludes bibliographical references | ||
| 700 |
_aMitra, P. P. _91071 |
||
| 942 |
_2ddc _cEN _h368.400954 _mSRI |
||
| 999 |
_c37448 _d37448 |
||